Bauhaus Ausgabe 7 Kollektiv = Bauhaus Issue 7 Collective (Record no. 10825)

MARC details
000 -CABECERA
campo de control de longitud fija 01523nam a22002657a 4500
001 - NÚMERO DE CONTROL
campo de control BRCA_9206
003 - IDENTIFICADOR DEL NÚMERO DE CONTROL
campo de control FranzMayer
005 - FECHA Y HORA DE LA ÚLTIMA TRANSACCIÓN
campo de control 20220809135010.0
008 - DATOS DE LONGITUD FIJA--INFORMACIÓN GENERAL
campo de control de longitud fija 220718b |||||||| |||| 00| 0 eng d
020 ## - NÚMERO INTERNACIONAL ESTÁNDAR DEL LIBRO
Número Internacional Estándar del Libro 9783959050586
040 ## - FUENTE DE LA CATALOGACIÓN
Lengua de catalogación spa
Centro/agencia transcriptor MFM
041 ## - CÓDIGO DE LENGUA
Código de lengua del texto/banda sonora o título independiente ger
-- eng
050 ## - SIGNATURA TOPOGRÁFICA DE LA BIBLIOTECA DEL CONGRESO
Número de clasificación NX1.A1
Número de documento/Ítem B38 2015 v.7
245 ## - MENCIÓN DE TÍTULO
Título Bauhaus Ausgabe 7 Kollektiv = Bauhaus Issue 7 Collective
260 ## - PUBLICACIÓN, DISTRIBUCIÓN, ETC.
Lugar de publicación, distribución, etc. Leipzig, Alemania :
Nombre del editor, distribuidor, etc. Spector Books
Fecha de publicación, distribución, etc. 2015
300 ## - DESCRIPCIÓN FÍSICA
Extensión 218 p. :
Otras características físicas il, fot. ;
Dimensiones 21 x 29.5 cm.
500 ## - NOTA GENERAL
Nota general Ubicación: L59-N5
500 ## - NOTA GENERAL
Nota general Índice: pp. 4-6
500 ## - NOTA GENERAL
Nota general Revista editada con formato de libro
520 ## - SUMARIO, ETC.
Sumario, etc. La revista recoge numerosos enfoques, pensamientos, ideas y proyectos en torno al status quo del colectivo en el arte, la arquitectura y el diseño. Aborda los modelos comunales y cooperativos en Bauhaus, el principio cooperativo de Hannes Meyer en la URSS y Chile y el anonimato y conflicto en los arquitectos colaborativos (TAC) de Gropius en los Estados Unidos. También habla sobre el vínculo entre Bauhaus y la próxima Bienal de Arquitectura de Venecia, por qué los arquitectos en España actualmente invierten más en prácticas de diseño colectivo y cómo las sociedades cooperativas no solo influyen en la identidad colectiva de los suizos, sino también en otros proyectos conjuntos en Alemania. - Texto de la revista
610 ## - PUNTO DE ACCESO ADICIONAL DE MATERIA--NOMBRE DE ENTIDAD CORPORATIVA
Nombre de entidad corporativa o nombre de jurisdicción como elemento de entrada Stiftung Bauhaus Dessau.
Subdivisión de forma Publicaciones
9 (RLIN) 28458
650 ## - PUNTO DE ACCESO ADICIONAL DE MATERIA--TÉRMINO DE MATERIA
Término de materia o nombre geográfico como elemento de entrada Diseño
Subdivisión general Arte
-- Historia
Subdivisión de forma Revistas
9 (RLIN) 28459
651 ## - PUNTO DE ACCESO ADICIONAL DE MATERIA--NOMBRE GEOGRÁFICO
Nombre geográfico
9 (RLIN) 28460
942 ## - ELEMENTOS DE PUNTO DE ACCESO ADICIONAL (KOHA)
Fuente del sistema de clasificación o colocación Library of Congress Classification
Tipo de ítem Koha Libros
Holdings
Estado de retiro Estado de pérdida Fuente del sistema de clasificación o colocación Estado dañado No para préstamo Localización permanente Ubicación/localización actual Fecha de adquisición Total de préstamos Signatura topográfica completa Código de barras Fecha visto por última vez Precio válido a partir de Tipo de ítem Koha
El ejemplar forma parte de la colección y puede ser consultado según las políticas vigentes.   Library of Congress Classification     Biblioteca del Museo Franz Mayer (Rogerio Casas-Alatriste) Biblioteca del Museo Franz Mayer (Rogerio Casas-Alatriste) 18/07/2022   NX1.A1 B38 2015 v.7 CONT9985 18/07/2022 18/07/2022 Libros